Reservoirs of Sri Lanka and their fisheries

Sir Lanka, a continental tropical island of 65000 km2, is reputed for its ancient irrigation reservoirs, constructed over the last 2000 years. The island, which is devoid of natural lakes has 3 ha of artificially created lentic waters for every km2,......

Spremljeno u:
Bibliografski detalji
Glavni autor: Silva, Sena S. de
Format: Knjiga
Jezik:Undetermined
Izdano: Rome FAO 1988
Teme:
Oznake: Dodaj oznaku
Bez oznaka, Budi prvi tko označuje ovaj zapis!
Thư viện lưu trữ: Trung tâm Học liệu Trường Đại học Cần Thơ
LEADER 00765nam a2200193Ia 4500
001 CTU_159961
008 210402s9999 xx 000 0 und d
082 |a 333.9 
082 |b S586/N298 
100 |a Silva, Sena S. de 
245 0 |a Reservoirs of Sri Lanka and their fisheries 
245 0 |c Sena S. de Silva 
260 |a Rome 
260 |b FAO 
260 |c 1988 
520 |a Sir Lanka, a continental tropical island of 65000 km2, is reputed for its ancient irrigation reservoirs, constructed over the last 2000 years. The island, which is devoid of natural lakes has 3 ha of artificially created lentic waters for every km2,...... 
650 |a Fisheries,Thủy sản 
904 |i Hồng, Năm 
980 |a Trung tâm Học liệu Trường Đại học Cần Thơ